Vývoj a úrovne pohľadávok a ich vplyv na predikciu finančnej situácie podniku diplomová práca

Saved in:
Bibliographic Details
Main Author: Hudák, Adam
Corporate Author: Podnikovohospodárska fakulta EU so sídlom v Košiciach. Katedra finančného riadenia podniku
Other Authors: Manová, Eva, 1957-
Format: Book
Language:Slovak
Published: Košice 2022
Tags: Add Tag
No Tags, Be the first to tag this record!

MARC

LEADER 00000nbm a2200000 4500
001 0284760
005 20230421134604.4
041 0 |a slo 
044 |a SK 
245 1 0 |a Vývoj a úrovne pohľadávok a ich vplyv na predikciu finančnej situácie podniku  |b diplomová práca  |c Adam Hudák ; školiteľ: Eva Manová 
264 1 |a Košice  |c 2022 
300 |a 65 s. 
100 1 |a Hudák, Adam 
700 1 |a Manová, Eva, 1957- 
710 2 |a Podnikovohospodárska fakulta EU so sídlom v Košiciach. Katedra finančného riadenia podniku